| 000 | 00486nam a2200193Ia 4500 | ||
|---|---|---|---|
| 003 | OSt | ||
| 005 | 20230515144902.0 | ||
| 008 | 210210b1956 xxu||||| |||| 00| 0 eng d | ||
| 040 | _cAL | ||
| 041 | _aeng | ||
| 082 | _a543 LABO | ||
| 100 |
_aCENTRAL COLLEGE _9104244 |
||
| 245 | _aLaboratory manual of practical chemistry | ||
| 260 |
_aBangalore _bBangalore University _c1956 |
||
| 300 | _aviii,158 | ||
| 690 |
_aAnalytical Chemistry _9104245 |
||
| 906 | _a009967 | ||
| 942 |
_2ddc _cBK |
||
| 999 |
_c140600 _d140600 |
||